000 00334nam a2200121Ia 4500
008 240731s9999 xx 000 0 und d
022 _a1783-1377
245 0 _aBijdragen : International Journal for Philosophy and Theology
260 _bRoutledge
856 _uhttps://www.tandfonline.com/loi/rjpt19
942 _2ddc
942 _cTFEJ
999 _c75600
_d75600
945 _a1
_bMadushi Gamage
_c1
_dMadushi Gamage